Anales. [conferencias] / (II), 1997-1999

Detalles Bibliográficos
Autor Corporativo: Centro para la Investigacin̤ y Desarrollo del Derecho Registral Inmobiliario y Mercantil
Otros Autores: Hernǹdez Moreno, Alfonso (ed. lit.)
Formato: Desconocido
Lenguaje:español
Publicado: Barcelona : Cedecs, 2001
Colección:Derecho privado (Cedecs)
Materias:
Acceso en línea:Acceso restringido

MARC

LEADER 00000ny a22000003n 4500
005 20110616133511.0
008 011116s2001 sp || z100|0 spa d
017 |a D.L.7659-01 
020 |a 9788495027351 
035 |a 3313 
040 |a BUS  |d vLex 
080 |a 347.2(460)(063) 
080 |a 347.7(460)(063) 
090 |c 777  |d 777 
245 0 0 |a Anales.  |n (II),  |p 1997-1999  |h [Recurso electrn̤ico]  |b [conferencias] /  |c organizadas por] Centro para la Investigacin̤ y Desarrollo del Derecho Registral, Inmobiliario y Mercantil (CIDDRIM) ; edicin̤ a cargo de Alfonso Hernǹdez Moreno 
256 |a Servicio en ln̕ea 
260 |a Barcelona :  |b Cedecs,  |c 2001 
300 |a 380 p. ;  |c 24 cm 
490 1 |a Derecho privado 
504 |a Bibliog. 
506 1 |a Contenido solo disponible en los productos indicados  |d vLex Global  |d vLex Global (Academic Edition, excluding Law Schools)  |d vLex Global (U.S. Academic Edition, Law Schools)  |d vLex Global (U.S. Academic Edition, excluding Law Schools)  |d vLex Global (Academic Edition, Law Schools) 
650 0 7 |2 Tesauro vLex  |a Derecho inmobiliario registral 
650 0 7 |2 Tesauro vLex  |a Registro mercantil 
700 1 |a Hernǹdez Moreno, Alfonso,  |e ed. lit. 
710 2 |a Centro para la Investigacin̤ y Desarrollo del Derecho Registral Inmobiliario y Mercantil 
740 0 |a vLex Libros (Servicios en ln̕ea) 
830 0 |a Derecho privado (Cedecs) 
856 4 0 |z Acceso restringido  |u http://vlex.com/source/3313 
942 |c BOOK 
999 0 |a Business enterprises - Registration and transfer  |b Barcelona